[Event "Moscow Open Students 2015"]
[Site "Moscow RUS"]
[Date "2015.01.31"]
[Round "1.1"]
[White "Paravyan, David"]
[Black "Predke, Alexandr"]
[Result "0-1"]
[WhiteTitle "IM"]
[WhiteElo "2435"]
[BlackElo "2537"]
[WhiteFideId "4194985"]
[BlackFideId "24107581"]
[EventDate "2015.01.31"]

1. g3 e5 2. Nf3 Nc6 3. d3 d5 4. Bg2 Nf6 5. O-O Be7 6. Nc3 O-O 7. e4 dxe4 8. Nxe4
Nxe4 9. dxe4 Qxd1 10. Rxd1 Bg4 11. c3 f5 12. h3 Bh5 13. Rd7 Rad8 14. Rxd8 Rxd8
15. exf5 Rd1+ 16. Kh2 Bc5 17. b4 Bxf2 18. g4 Bf7 19. b5 Ne7 20. Nxe5 Bd5 21. Bf3
Bxf3 22. Nxf3 Nd5 23. Bb2 Rd3 24. Kg2 Bc5 25. Bc1 Rd1 26. Bb2 Rd3 27. Bc1 Rd1
28. Bb2 Nf4+ 29. Kg3 Ne2+ 30. Kg2 Rd3 31. h4 Nf4+ 32. Kg3 Ne2+ 33. Kg2 h5 34. g5
Nf4+ 35. Kg3 Nd5 36. Re1 Ne3 37. f6 gxf6 38. gxf6 Bd6+ 39. Kf2 Nd1+ 40. Ke2 Nxb2
41. Rb1 Rxc3 42. Rxb2 Rc4 43. Kd3 Rf4 44. Rg2+ Kf7 45. Ng5+ Kxf6 46. Ne4+ Kf7
47. Nxd6+ cxd6 48. Rc2 Ke6 49. Rc7 Rf7 50. Rc8 Rf3+ 51. Ke2 Rf5 52. a4 Rf4 53.
a5 Rxh4 54. Rh8 Re4+ 55. Kd3 Re5 56. Rh6+ Kd5 57. Rh7 b6 58. Rxa7 bxa5 59. Rc7
Re4 60. Rh7 Rh4 61. b6 Kc6 62. b7 Rb4 63. Rxh5 d5 64. Rh6+ Kxb7 65. Kc3 Rc4+ 66.
Kb3 Kc7 67. Rg6 a4+ 68. Ka3 d4 69. Rg4 Kd6 70. Rh4 Kd5 71. Rh5+ Ke4 72. Rh4+ Kd3
73. Rh3+ Kc2 74. Rh2+ Kc3 0-1

[Event "Moscow Open Students 2015"]
[Site "Moscow RUS"]
[Date "2015.01.31"]
[Round "1.2"]
[White "Ter-Sahakyan, Samvel"]
[Black "Yuffa, Daniil"]
[Result "1-0"]
[WhiteTitle "GM"]
[BlackTitle "IM"]
[WhiteElo "2580"]
[BlackElo "2469"]
[WhiteFideId "13302531"]
[BlackFideId "24131423"]
[EventDate "2015.01.31"]

1. e4 c6 2. d4 d5 3. e5 Bf5 4. h4 h5 5. c4 e6 6. Nc3 Ne7 7. Nge2 Nd7 8. Ng3 dxc4
9. Bg5 f6 10. exf6 gxf6 11. Be3 Bg4 12. Be2 Bxe2 13. Qxe2 Nd5 14. Bd2 N7b6 15.
O-O Qd7 16. a4 a5 17. Nce4 Qf7 18. Nc5 e5 19. Nce4 O-O-O 20. dxe5 Re8 21. exf6
Rg8 22. Qf3 Rg4 23. Rfe1 Qg6 24. f7 Re7 25. Ng5 c3 26. Bxc3 Rxh4 27. Qf5+ 1-0

[Event "Moscow Open Students 2015"]
[Site "Moscow RUS"]
[Date "2015.01.31"]
[Round "1.4"]
[White "Vavulin, Maksim"]
[Black "Bortnyk, Olexandr"]
[Result "1-0"]
[WhiteTitle "IM"]
[BlackTitle "IM"]
[WhiteElo "2453"]
[BlackElo "2533"]
[WhiteFideId "4169530"]
[BlackFideId "14120828"]
[EventDate "2015.01.31"]

1. e4 e6 2. d4 d5 3. Bd3 Nf6 4. e5 Nfd7 5. Ne2 c5 6. c3 b6 7. Nf4 Qc7 8. Qh5
cxd4 9. Nxe6 Qxe5+ 10. Qxe5 Nxe5 11. Bb5+ Bd7 12. Nxd4 Nbc6 13. Nxc6 Bxc6 14.
Be2 d4 15. O-O d3 16. Bh5 O-O-O 17. Bf4 Ng6 18. Bg3 Bd6 19. Nd2 f5 20. Bxd6 Rxd6
21. Bf3 Bxf3 22. Nxf3 Nf4 23. Rad1 Rhd8 24. Rd2 Ne6 25. Ne5 Rd5 26. Nc6 Re8 27.
Re1 a5 28. Kf1 f4 29. Nd4 Kd7 30. Rxd3 Nc5 31. Rd2 Rxe1+ 32. Kxe1 a4 33. Nb5
Nd3+ 34. Ke2 Nc1+ 35. Kd1 Nd3 36. Nd4 Nc5 37. Kc2 Rh5 38. h3 Kc7 39. Re2 Rg5 40.
f3 Kd7 41. b4 axb3+ 42. axb3 g6 43. b4 Nb7 44. c4 Nd6 45. Kc3 h6 46. Kb3 Rh5 47.
Rd2 Ke7 48. Ne2 Rf5 49. Nc3 Ke6 50. Nd5 Nc8 51. Kc3 Rf7 52. Re2+ Kd7 53. Kd4 g5
54. b5 Rf8 55. Ra2 Ke6 56. Ra8 Rd8 57. Kc3 Kd7 58. Rb8 Re8 59. Nxb6+ Nxb6 60.
Rxb6 Re2 61. Rxh6 Rxg2 62. Kd4 Rf2 63. Ke4 Rc2 64. Kd5 Rd2+ 65. Kc5 Rd3 66. b6
Rxf3 67. b7 Kc7 68. Rh7+ 1-0

[Event "Moscow Open Students 2015"]
[Site "Moscow RUS"]
[Date "2015.01.31"]
[Round "1.5"]
[White "Bajarani, Ulvi"]
[Black "Belous, Vladimir"]
[Result "1-0"]
[WhiteTitle "GM"]
[BlackTitle "GM"]
[WhiteElo "2494"]
[BlackElo "2577"]
[WhiteFideId "13403028"]
[BlackFideId "4174003"]
[EventDate "2015.01.31"]

1. d4 Nf6 2. c4 g6 3. Nc3 Bg7 4. e4 d6 5. f4 O-O 6. Nf3 c5 7. d5 e6 8. dxe6 Bxe6
9. Bd3 Bg4 10. O-O Nc6 11. h3 Bxf3 12. Qxf3 Re8 13. Be3 Nb4 14. Rad1 Nxd3 15.
Rxd3 Qe7 16. f5 Nxe4 17. f6 Qxf6 18. Nxe4 Qxf3 19. gxf3 d5 20. cxd5 f5 21. Bxc5
fxe4 22. fxe4 Rxe4 23. Kh1 b6 24. Ba3 Rd8 25. d6 Rd4 26. Rxd4 Bxd4 27. Rc1 Be5
28. b3 Rd7 29. Rf1 Bg7 30. Kg2 Be5 31. Re1 Bf4 32. Rf1 Be5 33. Re1 Bf4 34. Rf1
g5 35. h4 h6 36. h5 Rd8 37. Rd1 Kf7 38. d7 Ke6 39. Kf3 Be5 40. Kg4 Bf6 41. Bb4
a5 42. Ba3 b5 43. Rd6+ Kf7 44. Bc5 Be7 45. Bb6 Bxd6 46. Bxd8 Ke6 47. Bxg5 1-0

[Event "Moscow Open Students 2015"]
[Site "Moscow RUS"]
[Date "2015.02.01"]
[Round "2.1"]
[White "Predke, Alexandr"]
[Black "Belous, Vladimir"]
[Result "1/2-1/2"]
[BlackTitle "GM"]
[WhiteElo "2537"]
[BlackElo "2577"]
[WhiteFideId "24107581"]
[BlackFideId "4174003"]
[EventDate "2015.01.31"]

1. e4 e5 2. Nf3 Nc6 3. Bb5 a6 4. Ba4 Nf6 5. O-O Be7 6. Re1 b5 7. Bb3 O-O 8. a4
b4 9. d4 d6 10. dxe5 dxe5 11. Qxd8 Rxd8 12. Nbd2 h6 13. a5 Bc5 14. h3 Bd4 15.
Bc4 Be6 16. Bxe6 fxe6 17. Nc4 Ne8 18. Nxd4 Nxd4 19. Ne3 Nd6 20. f3 Rab8 21. Bd2
Rb5 22. Rad1 c5 23. c3 Nb3 24. cxb4 cxb4 25. Nc2 Nc4 26. Bxb4 Rc8 27. Rd3 Nbxa5
28. Rc3 Nb6 29. Ra1 Rxc3 30. Bxc3 Nac4 31. Rxa6 Nxb2 32. Na3 Rb3 33. Bxe5 Nd3
34. Bd4 Nd7 35. Nc4 e5 36. Rd6 exd4 37. Rxd7 Nf4 38. Kf2 d3 39. e5 Rb4 40. Nd2
Rb2 41. Ke3 Nxg2+ 42. Kxd3 Nf4+ 43. Ke4 Nxh3 44. Kf5 Rb8 45. Kg4 Ng5 46. f4 Ne6
47. Kf5 Nc5 48. Rd6 Rf8+ 49. Kg4 h5+ 50. Kf3 g5 51. Rg6+ Kh7 52. Rxg5 Kh6 53.
Ke3 1/2-1/2

[Event "Moscow Open Students 2015"]
[Site "Moscow RUS"]
[Date "2015.02.01"]
[Round "2.2"]
[White "Bortnyk, Olexandr"]
[Black "Bajarani, Ulvi"]
[Result "1-0"]
[WhiteTitle "IM"]
[BlackTitle "GM"]
[WhiteElo "2533"]
[BlackElo "2494"]
[WhiteFideId "14120828"]
[BlackFideId "13403028"]
[EventDate "2015.01.31"]

1. e4 e6 2. d4 d5 3. Nc3 Nf6 4. Bg5 Bb4 5. e5 h6 6. Bc1 Ne4 7. Qg4 Kf8 8. Ne2 c5
9. a3 Nxc3 10. axb4 Nxe2 11. Bxe2 cxd4 12. Qxd4 Nc6 13. Qc5+ Qe7 14. Be3 Qxc5
15. Bxc5+ Ke8 16. f4 b6 17. Bxb6 Nxb4 18. Rxa7 Rxa7 19. Bxa7 Ba6 20. Bxa6 Nxa6
21. Kd2 Kd7 22. Ra1 Nb4 23. Bc5 Nc6 24. b4 Rb8 25. Bd6 Rb7 26. c4 dxc4 27. Kc3
Na7 28. Kxc4 g6 29. g4 Nb5 30. Bf8 h5 31. gxh5 gxh5 32. Rg1 Kc6 33. Bc5 Na3+ 34.
Kd3 Rd7+ 35. Ke4 Rd2 36. Rg7 Re2+ 37. Kf3 Rxh2 38. Rxf7 Nc4 39. Ke4 Rh3 40. Kd4
Nd2 41. b5+ Kxb5 42. Rb7+ Kc6 43. Rb6+ Kd7 44. Bb4 Rh2 45. Kd3 Nf1 46. Rd6+ Ke7
47. Ra6+ Kf7 48. f5 Rh3+ 49. Kd4 Rh4+ 50. Kc3 Rxb4 51. Ra7+ Kf8 52. Kxb4 exf5
53. Kc5 Ne3 54. Kd6 h4 55. Ra4 h3 56. Rh4 Kg7 57. Rxh3 f4 58. Rf3 Nf5+ 59. Kd7 1-0

[Event "Moscow Open Students 2015"]
[Site "Moscow RUS"]
[Date "2015.02.01"]
[Round "2.4"]
[White "Yuffa, Daniil"]
[Black "Sadzikowski, Daniel"]
[Result "1/2-1/2"]
[WhiteTitle "IM"]
[BlackTitle "IM"]
[WhiteElo "2469"]
[BlackElo "2496"]
[WhiteFideId "24131423"]
[BlackFideId "1132253"]
[EventDate "2015.01.31"]

1. g3 d5 2. Bg2 g6 3. Nf3 Bg7 4. O-O e5 5. d3 Ne7 6. e4 O-O 7. Nbd2 Nbc6 8. c3
a5 9. b3 h6 10. a3 Be6 11. Bb2 dxe4 12. dxe4 b5 13. a4 Qb8 14. axb5 Qxb5 15. Ba3
Rfb8 16. Rb1 Nc8 17. Qc1 N6a7 18. Rd1 Nb6 19. c4 Qc6 20. Bb2 Nd7 21. Bc3 Qc5 22.
Ne1 Nc6 23. Nd3 Qa7 24. Nf1 Nc5 25. Nxc5 Qxc5 26. Ne3 a4 27. bxa4 Rxb1 28. Qxb1
Rxa4 29. Qb5 Qxb5 30. cxb5 Nd4 31. Bxd4 exd4 32. Nd5 Rc4 33. Bf1 Rc5 34. Ra1
Bxd5 35. exd5 Rxd5 36. Ra8+ Bf8 37. Bd3 Kg7 38. Kf1 Bc5 39. Bc4 Re5 40. Rd8 Re7
41. h4 h5 42. Kg2 Bb6 43. Kf3 Re5 44. Rd5 Re6 45. Kg2 Rf6 46. Rd7 Kf8 47. Rd5
Kg7 48. Rd7 Rf5 49. Bd3 Rc5 50. Rxd4 Rxb5 51. Bxb5 Bxd4 52. Bc6 Kf6 53. Kf3 Ke7
54. Ke2 Kd6 55. Be8 Ke6 56. Bc6 Ke7 57. Kf3 f6 58. Ke2 Kf7 59. f4 Bc3 60. Kf2 1/2-1/2

[Event "Moscow Open Students 2015"]
[Site "Moscow RUS"]
[Date "2015.02.01"]
[Round "2.5"]
[White "Paravyan, David"]
[Black "Ter-Sahakyan, Samvel"]
[Result "0-1"]
[WhiteTitle "IM"]
[BlackTitle "GM"]
[WhiteElo "2435"]
[BlackElo "2580"]
[WhiteFideId "4194985"]
[BlackFideId "13302531"]
[EventDate "2015.01.31"]

1. d4 d5 2. c4 c6 3. Nc3 Nf6 4. e3 e6 5. Qc2 Nbd7 6. Bd2 g6 7. Nf3 Bg7 8. Be2
O-O 9. O-O b6 10. e4 Nxe4 11. Nxe4 dxe4 12. Qxe4 Bb7 13. Rad1 Re8 14. Bc3 Qc7
15. Qe3 e5 16. dxe5 c5 17. Rfe1 Nxe5 18. Nxe5 Bxe5 19. Bxe5 Rxe5 20. Qd2 Rae8
21. Bf1 h5 22. Qf4 Rxe1 23. Qxc7 Rxd1 24. Qxb7 Ree1 25. g3 Rxf1+ 26. Kg2 Rg1+
27. Kf3 Kg7 28. b4 cxb4 29. Qe7 Rde1 30. Qxb4 Re6 31. Qc3+ Rf6+ 32. Ke4 Rg2 33.
f4 Rxh2 34. a4 Re2+ 35. Kf3 Re6 36. a5 bxa5 37. Qxa5 a6 38. Qc3 Kh7 39. Qa3 Rc6
40. Qe7 Kg7 41. Qe4 a5 42. Qd4 a4 0-1

[Event "Moscow Open Students 2015"]
[Site "Moscow RUS"]
[Date "2015.02.02"]
[Round "3.1"]
[White "Ter-Sahakyan, Samvel"]
[Black "Predke, Alexandr"]
[Result "1-0"]
[WhiteTitle "GM"]
[WhiteElo "2580"]
[BlackElo "2537"]
[WhiteFideId "13302531"]
[BlackFideId "24107581"]
[EventDate "2015.01.31"]

1. e4 e5 2. Nf3 Nc6 3. Bb5 a6 4. Ba4 Nf6 5. O-O Be7 6. Re1 b5 7. Bb3 d6 8. c3
O-O 9. h3 Re8 10. d4 Bb7 11. Nbd2 Bf8 12. a3 h6 13. Bc2 Nb8 14. b4 Nbd7 15. Bb2
g6 16. Re3 Bg7 17. Qe2 c5 18. bxc5 exd4 19. cxd4 dxc5 20. Rd1 cxd4 21. Bxd4 Qe7
22. Bb3 Nf8 23. Ba1 Rad8 24. a4 Ne6 25. axb5 axb5 26. Qxb5 Nxe4 27. Bxg7 Nxd2
28. Rxd2 Kxg7 29. Bxe6 fxe6 30. Qb2+ Kh7 31. Rxd8 Rxd8 32. Ne5 Bd5 33. Qc2 Rg8
34. Rc3 Qf6 35. Ng4 Qf4 36. g3 Qf8 37. Qc1 h5 38. Rc7+ Rg7 39. Rc8 Qxc8 40. Nf6+ 1-0

[Event "Moscow Open Students 2015"]
[Site "Moscow RUS"]
[Date "2015.02.02"]
[Round "3.2"]
[White "Sadzikowski, Daniel"]
[Black "Paravyan, David"]
[Result "1-0"]
[WhiteTitle "IM"]
[BlackTitle "IM"]
[WhiteElo "2496"]
[BlackElo "2435"]
[WhiteFideId "1132253"]
[BlackFideId "4194985"]
[EventDate "2015.01.31"]

1. Nf3 Nf6 2. c4 c5 3. Nc3 Nc6 4. g3 g6 5. Bg2 Bg7 6. d4 cxd4 7. Nxd4 Nxd4 8.
Qxd4 O-O 9. O-O d6 10. Qd3 a6 11. Rd1 Bf5 12. Qf3 Rb8 13. c5 b5 14. cxd6 b4 15.
Nd5 Nxd5 16. Rxd5 Be6 17. Rd3 exd6 18. Bf4 Bxb2 19. Rb1 Bc3 20. Bxd6 Bxa2 21.
Bxb4 Bxb4 22. Rxd8 Rfxd8 23. Ra1 Bd5 24. Qe3 Re8 25. Qd3 Bxg2 26. Kxg2 a5 27.
Ra2 Ra8 28. Qb3 Rac8 29. e3 h5 30. Kf3 Red8 31. h4 Rc5 32. Qa4 Kg7 33. Kg2 Rd6
34. Qe8 Rd2 35. Rxd2 Bxd2 36. Qd7 Bb4 37. f4 Rc2+ 38. Kf3 Rd2 39. Qa7 Rd1 40.
Ke4 Rg1 41. f5 gxf5+ 42. Kf4 Kg6 43. Qa6+ f6 44. Kf3 Rc1 45. Qe6 Bc3 46. e4
fxe4+ 47. Qxe4+ Kg7 48. Qe7+ Kg6 49. Qe3 Bb2 50. Qd2 Rc3+ 51. Kg2 Ba1 52. Qe1
Ra3 53. Qe8+ Kf5 54. Qxh5+ Ke6 55. Qe8+ Kd5 56. Qf7+ Kc6 57. Qc4+ Kb6 58. Qe6+
Kb5 59. Qd5+ Kb4 60. Qd6+ Ka4 61. h5 Be5 62. Qd7+ Kb4 63. g4 Rg3+ 64. Kf2 a4 65.
Qb7+ Kc4 66. Qa6+ Kb4 67. Qb6+ Kc4 68. Qc6+ Kb4 69. Qb7+ Kc4 70. h6 Rh3 71. h7
a3 72. g5 Rh2+ 73. Kg1 a2 74. Qe4+ Kc5 75. Qxe5+ fxe5 76. Kxh2 a1=Q 77. h8=Q Qd4
78. Qf8+ Kd5 79. Qf7+ Ke4 80. g6 Qd2+ 81. Kh3 Qe3+ 82. Kh4 Qe1+ 83. Kg5 Qd2+ 84.
Kf6 Qd6+ 85. Qe6 Qf8+ 86. Qf7 Qd6+ 87. Kg7 Kd3 88. Qf3+ Kd2 89. Qf2+ Kd3 90. Kh7
e4 91. g7 Qd7 92. Qf1+ Kd2 93. Kh8 Qd4 94. Qf4+ Kd3 95. Qf5 Qb2 96. Qd5+ Ke3 97.
Kh7 Qf6 98. g8=Q Qh4+ 99. Kg6 1-0

[Event "Moscow Open Students 2015"]
[Site "Moscow RUS"]
[Date "2015.02.02"]
[Round "3.3"]
[White "Vavulin, Maksim"]
[Black "Yuffa, Daniil"]
[Result "0-1"]
[WhiteTitle "IM"]
[BlackTitle "IM"]
[WhiteElo "2453"]
[BlackElo "2469"]
[WhiteFideId "4169530"]
[BlackFideId "24131423"]
[EventDate "2015.01.31"]

1. e4 c6 2. d4 d5 3. Nc3 dxe4 4. Nxe4 Bf5 5. Ng3 Bg6 6. Nh3 e6 7. Nf4 Qh4 8. Be2
Nf6 9. Nf1 Nd5 10. g3 Qf6 11. Nxg6 hxg6 12. Ne3 Nd7 13. c3 Bd6 14. Qb3 Rb8 15.
Bd2 Nxe3 16. Bxe3 b5 17. h4 Nb6 18. Bg5 Qf5 19. Qd1 Be7 20. Bf4 Rd8 21. Be5 Nc4
22. Bxc4 Qe4+ 23. Kd2 Qxe5 24. Bd3 Qb8 25. Qf3 c5 26. h5 g5 27. Qc6+ Kf8 28.
Qxb5 Qc7 29. Qc4 Qb7 30. Qb3 Qf3 31. Be2 Qf6 32. Raf1 cxd4 33. c4 Qe5 34. Qb5
Qc7 35. Kc2 Rb8 36. Qa4 Rb4 37. Qa6 Rh6 38. c5 e5 39. Qd3 Qxc5+ 40. Kb1 Rhb6 41.
b3 e4 42. Qc2 Qxc2+ 43. Kxc2 d3+ 44. Bxd3 exd3+ 45. Kxd3 Bf6 46. Rc1 Rd6+ 47.
Ke2 Rbd4 48. Rc2 g4 49. Re1 Re4+ 50. Kf1 Rxe1+ 51. Kxe1 Bd4 52. Rc4 Ke7 53. Ke2
Kf6 54. Ra4 Kg5 55. Ra5+ f5 56. f4+ gxf3+ 57. Kxf3 Bb6 58. Ra4 Rd3+ 59. Kg2 Kxh5 0-1

[Event "Moscow Open Students 2015"]
[Site "Moscow RUS"]
[Date "2015.02.02"]
[Round "3.5"]
[White "Belous, Vladimir"]
[Black "Bortnyk, Olexandr"]
[Result "1/2-1/2"]
[WhiteTitle "GM"]
[BlackTitle "IM"]
[WhiteElo "2577"]
[BlackElo "2533"]
[WhiteFideId "4174003"]
[BlackFideId "14120828"]
[EventDate "2015.01.31"]

1. c4 d6 2. d4 e5 3. Nf3 e4 4. Ng5 f5 5. Nc3 Be7 6. Nh3 Nf6 7. Nf4 c6 8. d5 g5
9. Ne6 Bxe6 10. dxe6 Rg8 11. f3 Qc8 12. fxe4 fxe4 13. Qb3 Na6 14. Be3 Ng4 15.
Bd4 e3 16. Nd1 Qxe6 17. Qxb7 Qxc4 18. Bc3 Kf7 19. b3 Qb5 20. Qxb5 cxb5 21. g3 d5
22. Bg2 Rad8 23. O-O+ Kg6 24. h3 Nf6 25. Bd4 Ne4 26. Rc1 Nb4 27. Nxe3 Nxg3 28.
Rf2 Rc8 29. Rxc8 Rxc8 30. Nxd5 Nxd5 31. Bxd5 Bc5 32. Rf6+ Kg7 33. Rf7+ Kg6 34.
Rf6+ 1/2-1/2

[Event "Moscow Open Students 2015"]
[Site "Moscow RUS"]
[Date "2015.02.03"]
[Round "4.1"]
[White "Predke, Alexandr"]
[Black "Bortnyk, Olexandr"]
[Result "0-1"]
[BlackTitle "IM"]
[WhiteElo "2537"]
[BlackElo "2533"]
[WhiteFideId "24107581"]
[BlackFideId "14120828"]
[EventDate "2015.01.31"]

1. e4 Nf6 2. e5 Nd5 3. d4 d6 4. c4 Nb6 5. exd6 exd6 6. Nc3 Be7 7. Bd3 Nc6 8.
Nge2 Bg4 9. f3 Bh5 10. O-O O-O 11. b3 Re8 12. Be3 Bg5 13. Bf2 d5 14. c5 Nc8 15.
g4 Bg6 16. f4 Bxd3 17. Qxd3 Bh4 18. Bxh4 Qxh4 19. Nxd5 Qxg4+ 20. Qg3 Qf5 21. Qg2
Rd8 22. Nxc7 Rb8 23. d5 Qd7 24. Na6 bxa6 25. dxc6 Qe7 26. Kh1 Rb5 27. f5 Qxc5
28. Rad1 Rd6 29. f6 g6 30. Ng3 Qb6 31. Rfe1 h5 32. Ne4 Rxc6 33. Rd7 Re5 34. Qd2
Nd6 35. Nxd6 Rxd6 36. Rxd6 Rxe1+ 37. Qxe1 Qxd6 38. Qe8+ Qf8 39. Qd7 Qa8+ 40. Kg1
Qb8 41. Kg2 Qb5 42. Qe7 Qd5+ 43. Kf2 g5 44. Qxa7 Qf5+ 45. Kg2 Qxf6 46. Qc5 Kh7
47. h4 Kg6 48. Qc2+ Qf5 49. Qc6+ Qe6 50. Qxe6+ fxe6 51. b4 gxh4 52. Kh3 e5 53.
a4 e4 54. b5 axb5 55. axb5 e3 0-1

[Event "Moscow Open Students 2015"]
[Site "Moscow RUS"]
[Date "2015.02.03"]
[Round "4.3"]
[White "Yuffa, Daniil"]
[Black "Bajarani, Ulvi"]
[Result "1-0"]
[WhiteTitle "IM"]
[BlackTitle "GM"]
[WhiteElo "2469"]
[BlackElo "2494"]
[WhiteFideId "24131423"]
[BlackFideId "13403028"]
[EventDate "2015.01.31"]

1. c4 f5 2. Nf3 Nf6 3. g3 g6 4. Bg2 Bg7 5. O-O O-O 6. Nc3 d6 7. Rb1 e5 8. b4 Nc6
9. b5 Ne7 10. d3 h6 11. c5 Be6 12. Ba3 Rf7 13. Qa4 Bf8 14. cxd6 cxd6 15. e4 g5
16. exf5 Nxf5 17. h3 Rg7 18. Ne4 Nxe4 19. dxe4 Ne7 20. Rfd1 Ng6 21. Rb2 a6 22.
b6 Rc8 23. Qa5 Rd7 24. Nh2 Rg7 25. Ng4 Kh7 26. Kh2 Rd7 27. Ne3 Qf6 28. Rbd2 Rc6
29. Rc1 Rxc1 30. Bxc1 Ne7 31. Bb2 Nc6 32. Qa4 Qf7 33. Nd5 Bg7 34. Qd1 Nd4 35.
Bxd4 exd4 36. Bf3 Rd8 37. Bh5 Qg8 38. Qc2 Rc8 39. Qd3 Bxd5 40. exd5+ Kh8 41. Qf5
Qf8 42. Bf7 Re8 43. Qg6 Re7 44. Be6 Qf6 45. Qxf6 Bxf6 46. Kg2 Re8 47. Kf3 Bd8
48. Rb2 Kg7 49. Ke4 h5 50. f3 Rf8 51. Rg2 h4 52. f4 hxg3 53. fxg5 Rf2 54. Rxg3
Rxa2 55. h4 Re2+ 56. Kf4 Re5 57. Bf5 Kh8 58. h5 Bxb6 59. g6 Kg7 60. h6+ 1-0

[Event "Moscow Open Students 2015"]
[Site "Moscow RUS"]
[Date "2015.02.03"]
[Round "4.4"]
[White "Paravyan, David"]
[Black "Vavulin, Maksim"]
[Result "1/2-1/2"]
[WhiteTitle "IM"]
[BlackTitle "IM"]
[WhiteElo "2435"]
[BlackElo "2453"]
[WhiteFideId "4194985"]
[BlackFideId "4169530"]
[EventDate "2015.01.31"]

1. e4 g6 2. d4 Bg7 3. Nf3 d6 4. Be2 Nf6 5. Nc3 O-O 6. O-O a6 7. a4 b6 8. e5 Nfd7
9. Bf4 Nc6 10. Qc1 Bb7 11. Rd1 Qc8 12. Qe3 Nb4 13. Rd2 c5 14. d5 Qc7 15. e6 fxe6
16. Qxe6+ Kh8 17. Bg5 Nf6 18. Ne1 Rae8 19. Rad1 Qc8 20. Qxc8 Rxc8 21. Bf3 h6 22.
Bxf6 Bxf6 23. Ne4 a5 24. c3 Na6 25. Nxf6 Rxf6 26. Nc2 Nc7 27. Na3 Rf4 28. b3 Kg7
29. Re1 Kf7 30. Nc4 Ba6 31. Ne3 Rb8 32. Bd1 h5 33. g3 Rf6 34. f4 Bc8 35. Nc4 Ba6
36. Ne3 Bc8 37. Be2 Bd7 38. Nc4 Bc8 39. Bf1 Ba6 40. Bh3 Kf8 41. Bg2 Rf7 42. Be4
Kg7 43. Bc2 Bc8 44. Rb1 Bd7 45. b4 axb4 46. cxb4 cxb4 47. Rxb4 b5 48. axb5 Rxb5
49. Rxb5 Bxb5 50. Ne3 Rf8 51. f5 g5 52. Bd1 Be8 53. h4 g4 54. Rb2 Na6 55. Ra2
Nc5 56. Ra8 Bd7 57. Rxf8 Kxf8 58. Bc2 Kg7 59. Ng2 Kf6 60. Nf4 Be8 61. Kf2 Bf7
62. Ke3 Ke5 63. Ng6+ Kf6 64. Nf4 Nd7 65. Kd4 Ne5 66. Be4 Kg7 67. Ke3 Nd7 68. Kd4
Nf6 69. Bd3 Ne8 70. Bb5 Nc7 71. Bd7 Kf6 72. Ne6 Bxe6 73. fxe6 Kf5 74. Ba4 Kf6
75. Bc6 Kf5 1/2-1/2

[Event "Moscow Open Students 2015"]
[Site "Moscow RUS"]
[Date "2015.02.03"]
[Round "4.5"]
[White "Ter-Sahakyan, Samvel"]
[Black "Sadzikowski, Daniel"]
[Result "1/2-1/2"]
[WhiteTitle "GM"]
[BlackTitle "IM"]
[WhiteElo "2580"]
[BlackElo "2496"]
[WhiteFideId "13302531"]
[BlackFideId "1132253"]
[EventDate "2015.01.31"]

1. e4 c5 2. Nf3 d6 3. d4 cxd4 4. Nxd4 Nf6 5. Nc3 a6 6. h3 e5 7. Nb3 Be6 8. Be3
Nc6 9. f4 exf4 10. Bxf4 d5 11. exd5 Nxd5 12. Nxd5 Qxd5 13. Qxd5 Bxd5 14. O-O-O
O-O-O 15. Bd3 Bd6 16. Bg5 Be7 17. Bxe7 Nxe7 18. Rhe1 Nc6 19. Be4 Bxe4 20. Rxe4
Rxd1+ 21. Kxd1 Rd8+ 22. Ke2 h5 23. c3 Rd5 24. Nd2 Rg5 25. Kf2 Rf5+ 26. Nf3 Kd7
27. Ke3 Rd5 28. Ke2 Rd6 29. b4 b5 30. a3 f6 31. c4 bxc4 32. Rxc4 Re6+ 33. Kf2
Ne5 34. Rc3 Nxf3 35. Kxf3 Re5 36. Kf4 a5 37. h4 axb4 38. axb4 Rb5 39. Rc4 Ke6
40. Kf3 Rf5+ 41. Rf4 Rd5 42. Re4+ Kd6 43. Ke3 Rf5 44. g4 hxg4 45. Rxg4 Rh5 46.
Kf3 g5 47. hxg5 Rxg5 48. Rf4 Rf5 1/2-1/2

[Event "Moscow Open Students 2015"]
[Site "Moscow RUS"]
[Date "2015.02.04"]
[Round "5.1"]
[White "Sadzikowski, Daniel"]
[Black "Predke, Alexandr"]
[Result "1-0"]
[WhiteTitle "IM"]
[WhiteElo "2496"]
[BlackElo "2537"]
[WhiteFideId "1132253"]
[BlackFideId "24107581"]
[EventDate "2015.01.31"]

1. c4 e5 2. g3 Nf6 3. Bg2 d5 4. cxd5 Nxd5 5. Nc3 Nb6 6. e3 Nc6 7. Nge2 Bd6 8.
O-O O-O 9. f4 f6 10. f5 Bd7 11. d4 Be8 12. d5 Ne7 13. Qd3 Bf7 14. e4 Bc5+ 15.
Be3 Bxe3+ 16. Qxe3 c6 17. dxc6 Nc4 18. Qf2 Nxc6 19. b3 Na3 20. Rad1 Qa5 21. Rd2
Nb5 22. Qc5 Nxc3 23. Qxc3 Qb6+ 24. Kh1 Rac8 25. Rc1 Rfd8 26. g4 Rxd2 27. Qxd2
Rd8 28. Qc3 Nb4 29. Qc5 Qxc5 30. Rxc5 h5 31. g5 fxg5 32. h4 Rd1+ 33. Kh2 Rd2 34.
hxg5 Rxe2 35. Rc8+ Kh7 36. Rc7 Nd3 37. Kg1 Nf4 38. Bf1 Re1 39. Kf2 Rxe4 40. Rxf7
Nd5 41. f6 Rf4+ 42. Ke1 Ne3 43. Rxg7+ Kh8 44. Bh3 1-0

[Event "Moscow Open Students 2015"]
[Site "Moscow RUS"]
[Date "2015.02.04"]
[Round "5.2"]
[White "Vavulin, Maksim"]
[Black "Ter-Sahakyan, Samvel"]
[Result "1/2-1/2"]
[WhiteTitle "IM"]
[BlackTitle "GM"]
[WhiteElo "2453"]
[BlackElo "2580"]
[WhiteFideId "4169530"]
[BlackFideId "13302531"]
[EventDate "2015.01.31"]

1. e4 c5 2. Nf3 d6 3. d4 cxd4 4. Nxd4 Nf6 5. Nc3 a6 6. Be3 e5 7. Nb3 Be6 8. h3
Nbd7 9. g4 h6 10. Qd2 Rc8 11. O-O-O b5 12. f4 Be7 13. Bg2 O-O 14. Nd5 Bxd5 15.
exd5 Nb6 16. Bxb6 Qxb6 17. Na5 Nd7 18. h4 exf4 19. Nc6 Rce8 20. Qxf4 Ne5 21. g5
h5 22. Rhe1 Bd8 23. Nxe5 dxe5 24. Qf3 Qd6 25. Qxh5 e4 26. Qg4 e3 27. Be4 Bb6 28.
g6 fxg6 29. Bxg6 Re5 30. h5 Bd8 31. Bd3 Bg5 32. Kb1 Rf4 33. Qc8+ Rf8 34. Qg4 Rf4
35. Qc8+ Rf8 1/2-1/2